000 00685nam a2200265Ia 4500
001 17855
005 20240113235820.0
007 ta
008 060106s g b000 u asm u
040 _aCotton College,Assam
041 _aasm
082 _a891.4141
_bK 123 Ak
100 _aKakati, Rohini Kr. .
245 0 _aEk Nakhyatrar Nisha /
_cRohini Kr. Kakati.
_hTextual Documents
250 _a1st ed. /
260 _aCalcutta :
_bSribhumi Publishing Co. ,
_cnd.
300 _a188p. ;
_c22cm.
653 _aAssamese Novel
653 _aG-Assamese
653 _aT/G- Assamese
942 _2ddc
_cBK
999 _c17837
_d17837